Loading...
Canine anatomy
| Main Author: | |
|---|---|
| Format: | Printed Book |
| Language: | Undetermined |
| Published: |
Lippin cott williams & wikins
1999
Philadelphia |
| Subjects: |
| LEADER | 00674nam a2200241Ia 4500 | ||
|---|---|---|---|
| 008 | 141122s9999 xx 000 0 und d | ||
| 020 | |a 683300806 | ||
| 040 | |c . | ||
| 041 | |a English | ||
| 082 | |a 611 | ||
| 082 | |b SMI/CA | ||
| 100 | |a Bonnie J Smith | ||
| 245 | |a Canine anatomy | ||
| 245 | |c Bonnie J Smith | ||
| 260 | |b Lippin cott williams & wikins | ||
| 260 | |b Philadelphia | ||
| 260 | |c 1999 | ||
| 300 | |a 619 Pages | ||
| 500 | |a General (A) | ||
| 650 | |a Anatomy and Histology | ||
| 942 | |c BK | ||
| 999 | |c 2037 |d 2037 | ||
| 952 | |0 0 |1 0 |4 0 |6 611_000000000000000_SMICA |7 0 |9 2014 |a COVAS |b COVAS |d 0000-00-00 |l 15 |m 1 |o 611 SMI/CA |p 17142 |r 2018-11-12 |s 2018-11-07 |w 2014-11-26 |y BK | ||